00338 a2200121 450000100060000010000130000624500290001926000270004809000150007594200230009099900190011395200840013211914 aKahin, G aMajor government of Asia abCornell Universityc c9168d9168 aNUST-CAEcMc36009 c246987d246987 001040708NFICaCAEbCAEd2017-04-03l0pCAE49409r2017-04-05w2017-04-05yBK